000
00306 a2200121 4500
005
20260317130954.0
020
_a
9780137381258
100
_a
MILLER,M
245
_a
My Video Chart for Seniors
260
_a
New york
_b
Pearson education
_c
2021
300
_a
xvii,287p;ill;picture
_b
Index
_c
23cm
942
_2
ddc
_c
BKS
999
_c
6855
_d
6855